| 000 | 00554nam a22001697a 4500 | ||
|---|---|---|---|
| 008 | 240910b |||||||| |||| 00| 0 eng d | ||
| 020 | _a9966466177 | ||
| 050 |
_aGN 320 _b.A93 1979 |
||
| 100 | _aAyisi Eric O. | ||
| 245 |
_aAn introduction to the study of African culture/ _cEric O. Ayisi |
||
| 250 | _a2nd ed. | ||
| 260 |
_aBrick court : _bEast African Publishers Limited, _c1979. |
||
| 300 |
_ax, 124p. : _bill.; _c25cm. |
||
| 500 | _aincludes index | ||
| 650 |
_aAfrican culture _xAfrica |
||
| 942 |
_2lcc _cAFRICANA _hGN 320 .A93 1979 |
||
| 999 |
_c32195 _d32195 |
||